History Quiz

Random History or Politics Quiz

Double-Letter British Prime Ministers Quiz Stats

Quiz Updated Jul 27, 2016

Challenge
Share
Tweet
Embed
Score 0/17 Timer 04:00
4 Plays Today
British Prime Minister % Correct
Winston Churchill (1940-1945, 1951-1955)
95.3%
Clement Attlee (1945-1951)
66.8%
William Pitt 'The Elder', Earl of Chatham (1766-1768)
64.3%
William Pitt 'The Younger' (1783-1801, 1804-1806)
64.3%
Harold Macmillan (1957-1963)
58.4%
James Callaghan (1976-1979)
57.8%
David Lloyd George (1916-1922)
53.7%
Sir Robert Peel (1834-1835, 1841-1846)
47.5%
Arthur Wellesley, Duke of Wellington (1828-1830, 1834)
42.7%
British Prime Minister % Correct
Henry Campbell-Bannerman (1905-1908)
31.8%
George Canning (1827)
21.9%
John Russell, Earl Russell (1846-1852, 1865-1866)
20.8%
George Grenville (1763-1765)
16.5%
William Grenville, Baron Grenville (1806-1807)
16.5%
Henry Addington (1801-1804)
13.6%
Thomas Pelham-Holles, Duke of Newcastle (1754-1756,1757-1762)
6.5%
William Petty, Earl of Shelburne (1782-1783)
4.2%

You're not logged in!

Compare scores with friends on all Sporcle quizzes.
Join for Free
OR
Log In

You Might Also Like...

Show Comments

Extras

Top Quizzes Today


Score Distribution

Your Account Isn't Verified!

In order to create a playlist on Sporcle, you need to verify the email address you used during registration. Go to your Sporcle Settings to finish the process.

Report this User

Report this user for behavior that violates our Community Guidelines.

Details: